000 00468nam a2200205Ia 4500
003 0100
008 130303s9999 xx 000 0 und d
040 _cARRUPELIB
050 _aLB880.P4 1973
100 _aPeters, Richard
245 _aAuthority, responsibility and education
250 _a3rd ed.
260 _aLondon
260 _bGeorge Allen & Unwin
260 _C1973
300 _a160p.
300 _b 23 cm
650 _bEthics
942 _2lcc
_01
999 _c65730
_d65730